A contingency approach to representative bureaucracy: power, equal opportunities and diversity (Record no. 87387)

000 -LEADER
fixed length control field 01619pab a2200181 454500
008 - FIXED-LENGTH DATA ELEMENTS--GENERAL INFORMATION
fixed length control field 180718b2010 xxu||||| |||| 00| 0 eng d
100 ## - MAIN ENTRY--PERSONAL NAME
Personal name Groeneveld, Sandra
245 ## - TITLE STATEMENT
Title A contingency approach to representative bureaucracy: power, equal opportunities and diversity
260 ## - PUBLICATION, DISTRIBUTION, ETC.
Date of publication, distribution, etc. 2010
300 ## - PHYSICAL DESCRIPTION
Extent p.239-58.
362 ## - DATES OF PUBLICATION AND/OR SEQUENTIAL DESIGNATION
Dates of publication and/or sequential designation Jun
520 ## - SUMMARY, ETC.
Summary, etc. In this article we develop a contingency approach to representative bureaucracy. We argue that representative bureaucracy is a multidimensional and changing concept, and that in the academic and policy debate on representative bureaucracy three different dimensions are intermingled: power, equal opportunities and diversity. These dimensions not only reflect a particular view on the role of the state and the relation between the state and citizens, they also diverge in the motives for making the bureaucracy representative. Even the conception of what representation means can be totally different. We conclude that modern diversity management approaches alone may not contribute to nation-building because these mainly emphasize organizational performance. Approaches to representative bureaucracy in nation-building must also be built on moral arguments and underline the exemplary role of the state. In addition, the political viability of managerial and moral approaches needs to be taken into account through acknowledging political realities and existing distributions of power in society. - Reproduced.
650 ## - SUBJECT ADDED ENTRY--TOPICAL TERM
Topical term or geographic name entry element Bureaucracy
700 ## - ADDED ENTRY--PERSONAL NAME
Personal name Walle, Steven Van de
773 ## - HOST ITEM ENTRY
Main entry heading International Review of Administrative Sciences
908 ## - PUT COMMAND PARAMETER (RLIN)
Put command parameter N
909 ## -
-- 87387
Holdings
Withdrawn status Lost status Damaged status Not for loan Permanent Location Current Location Date acquired Serial Enumeration / chronology Barcode Date last seen Price effective from Koha item type
        Indian Institute of Public Administration Indian Institute of Public Administration 2018-07-19 Volume no: 76, Issue no: 2 AR87847 2018-07-19 2018-07-19 Articles

Powered by Koha